Sejarah dan tokoh : Syeikh Al-Hadi pembaharu semangat Islam dan sosial

Bibliographic Details
Other Authors: Mohamad Mokhtar Abu Hassan (Editor), Mohd. Hanafi Ibrahim (Editor)
Format: Book
Published: Kuala Lumpur : Dewan Bahasa dan Pustaka 2023
Subjects:

MARC

LEADER 00000cam a2200000 7i4500
001 0000093776
005 20240206093303.0
008 240206 may
020 |a 9789834900526 (  |q paperback) 
040 |e rda 
041 |a Malay 
090 0 0 |a 899.2309   |b SYE 
245 1 0 |a Sejarah dan tokoh :   |b Syeikh Al-Hadi pembaharu semangat Islam dan sosial 
264 1 |a Kuala Lumpur :   |b Dewan Bahasa dan Pustaka   |c 2023 
300 |a 235 pages ;   |c 22 cm. 
336 |a text  |2 rdacontent 
337 |a unmediated  |2 rdamedia 
338 |a volume  |2 rdacarrier 
500 |a Includes index 
541 |c Donation book   |f Inisiatif Belanjawan 2023 
650 0 |a Malay literature   |x History and criticsm 
650 0 |a Syed Syiekh Ahmad Al-Hadi   |d 1867-1934 
700 0 |a Mohamad Mokhtar Abu Hassan ,   |e (editor) 
700 0 |a Mohd. Hanafi Ibrahim ,   |e (editor) 
730 0 |a Title 
999 |a 0001754919   |b Book   |c Adult Collection   |e Perbadanan Perpustakaan Awam Johor 
999 |a 0001754920   |b Book   |c Adult Collection   |e Cawangan Urban Transformation Centre 
999 |a 0001754921   |b Book   |c Adult Collection   |e Cawangan AEON Kulaijaya 
999 |a 0001754922   |b Book   |c Adult Collection   |e Cawangan Pontian 
999 |a 0001754923   |b Book   |c Adult Collection   |e Cawangan Bandar Penawar 
999 |a 0001754924   |b Book   |c Adult Collection   |e Cawangan Taman Sri Lambak 
999 |a 0001754925   |b Book   |c Adult Collection   |e Perbadanan Perpustakaan Awam Johor 
999 |a 0001754926   |b Book   |c Adult Collection   |e Cawangan Tangkak 
999 |a 0001754927   |b Book   |c Adult Collection   |e Cawangan Bandar Tenggara 
999 |a 0001754928   |b Book   |c Adult Collection   |e Cawangan Bukit Gambir 
999 |a 0001754929   |b Book   |c Adult Collection   |e Cawangan Batu Pahat 
999 |a 0001754930   |b Book   |c Adult Collection   |e Cawangan Mersing 
999 |a 0001754931   |b Book   |c Adult Collection   |e Cawangan Tmn. Ungku Tun Aminah 
999 |a 0001754932   |b Book   |c Adult Collection   |e Cawangan Kota Tinggi 
999 |a 0001754933   |b Book   |c Adult Collection   |e Cawangan Segamat 
999 |a 0001754934   |b Book   |c Adult Collection   |e Cawangan Muar 
999 |a 0001754935   |b Book   |c Adult Collection   |e Cawangan Muar 
999 |a 0001754936   |b Book   |c Adult Collection   |e Cawangan Segamat 
999 |a 0001754937   |b Book   |c Adult Collection   |e Cawangan Kota Tinggi